KOHA-Header-6

Marketing Management (Record no. 656)

000 -LEADER
fixed length control field 00339nam a2200121Ia 4500
008 - FIXED-LENGTH DATA ELEMENTS--GENERAL INFORMATION
fixed length control field 190722s9999 xx 000 0 und d
020 ## - INTERNATIONAL STANDARD BOOK NUMBER
International Standard Book Number 978-93-325-5718-5
100 ## - MAIN ENTRY--PERSONAL NAME
Personal name Philip Kotler, Kevin Lane Keller
245 #0 - TITLE STATEMENT
Title Marketing Management
260 ## - PUBLICATION, DISTRIBUTION, ETC. (IMPRINT)
Place of publication, distribution, etc India
Name of publisher, distributor, etc Pearson India Education Services Pvt. Ltd.
Date of publication, distribution, etc 2016
300 ## - PHYSICAL DESCRIPTION
Extent 756+110
942 ## - ADDED ENTRY ELEMENTS (KOHA)
Koha item type Books
Holdings
Withdrawn status Lost status Damaged status Not for loan Permanent Location Current Location Date acquired Total Checkouts Full call number Barcode Checked out Date last seen Date checked out Price effective from Koha item type
        MAJU MAJU 2019-07-22 1 658.8 7282 2019-09-07 2019-08-31 2019-08-31 2019-07-22 Books

Powered by Koha